000 00856nam a22002297a 4500
003 DO-SdBNP
005 20230301080354.0
007 ta
008 220609b2018 dr ||||| |||| 00| 0 spa d
020 _a9789945913514
040 _aDO-SdBNP
_bspa
_cBNPHU
082 4 _222
110 2 _aSubsistema Dominicano para el Aseguramiento de la Calidad de la Educación Superior
_981834
245 1 0 _aSubsistema Dominicano para el Aseguramiento de la Calidad de la Educación Superior (SIDACES /)
_cequipo técnico ; Saturnino de los Santos S.
260 _aSanto Domingo :
_bMinisterio de Educación Superior Ciencia y Tecnología (MESCYT),
_c2018.
300 _a127 p. ;
_c24 cm.
504 _aBibliografía : p. 99-103
590 _aInventariado, 2022 /LP
700 1 _aSantos S., Saturnino de los
_981835
910 _aLopérez
942 _2ddc
_cLBS1
999 _c51999
_d51999